Govt. of
Madhya Pradesh

tribal and Environmental history of india (Record no. 68989)

MARC details
000 -LEADER
fixed length control field 00331nam a22001097a 4500
082 ## - DEWEY DECIMAL CLASSIFICATION NUMBER
Classification number 900/PRA
100 ## - MAIN ENTRY--AUTHOR NAME
Personal name Ed.Pratap,Ajay, Binda paranjape, Ghan shayam
245 ## - TITLE STATEMENT
Title tribal and Environmental history of india
Sub Title New prospectives
260 ## - PUBLICATION, DISTRIBUTION, ETC. (IMPRINT)
Place of publication New delhi
Name of publisher Research india press
Year of publication 2021
650 ## - SUBJECT ADDED ENTRY--TOPICAL TERM
Topical Term India history
942 ## - ADDED ENTRY ELEMENTS (KOHA)
Koha item type Books
Holdings
Withdrawn status Lost status Damaged status Not for loan Home library Current library Date acquired Cost, normal purchase price Full call number Accession Number Price effective from Koha item type
        MACL MACL 08/04/2026 1850.00 900/PRA CRE040457 08/04/2026 Books